[Event "CHI-ch sf"]
[Site "Quilpue"]
[Date "2022.02.05"]
[Round "3"]
[White "Ojeda Meneses, Pablo"]
[Black "Rosales Schulz, Robin"]
[Result "0-1"]
[WhiteElo "1884"]
[BlackElo "2133"]
[PlyCount "42"]
[EventDate "2022.02.04"]
[EventType "swiss"]
[EventRounds "8"]
[EventCountry "CHI"]
[SourceTitle "CBM 206 Extra"]
[Source "ChessBase"]
[SourceDate "2022.03.31"]
[SourceVersion "1"]
[SourceVersionDate "2022.03.31"]
[SourceQuality "1"]

1. e4 c5 2. c3 d5 3. exd5 Qxd5 4. d4 g6 5. Nf3 Bg7 6. dxc5 Qxc5 7. Be3 Qc7 8. Bb5+ Nc6 9. Nd4 Nf6 10. Nxc6 bxc6 11. Bc4 0-0 12. h3 Rb8 13. 0-0 Rd8 14. Bf4 Rxd1 15. Bxc7 Rxf1+ 16. Kxf1 Rxb2 17. Na3 Nd5 18. Rd1 Bxc3 19. Bb3 Ba6+ 20. Bc4 Nxc7 21. Rd7 Rxa2 0-1

[Event "CHI-ch sf"]
[Site "Quilpue"]
[Date "2020.01.31"]
[Round "3"]
[White "Reinuaba Escobar, Carlos"]
[Black "Ojeda Meneses, Pablo"]
[Result "1-0"]
[WhiteElo "2184"]
[BlackElo "1931"]
[PlyCount "98"]
[EventDate "2020.01.30"]
[EventType "swiss"]
[EventRounds "8"]
[EventCountry "CHI"]
[SourceTitle "CBM 194 Extra"]
[Source "ChessBase"]
[SourceDate "2020.03.31"]
[SourceVersion "1"]
[SourceVersionDate "2020.03.31"]
[SourceQuality "1"]

1. Nf3 Nf6 2. c4 e6 3. g3 Be7 4. Bg2 0-0 5. b3 c5 6. Bb2 d5 7. cxd5 exd5 8. d4 b6 9. 0-0 Bb7 10. Nc3 Nbd7 11. Rc1 cxd4 12. Nxd4 Nc5 13. Nf5 Re8 14. Nxe7+ Qxe7 15. Re1 Rad8 16. Nb5 Ba6 17. Nd4 Qd7 18. Qc2 Rc8 19. Qf5 Qxf5 20. Nxf5 Rcd8 21. Bf1 Nce4 22. f3 Nc5 23. Kf2 Bc8 24. Bxf6 gxf6 25. Nd4 Ne6 26. e3 Nxd4 27. exd4 Bf5 28. Bb5 Rxe1 29. Kxe1 Rc8 30. Rxc8+ Bxc8 31. Bc6 Be6 32. Kd2 Kf8 33. Ke3 Ke7 34. Kf4 Kd6 35. Bb5 Ke7 36. g4 Kf8 37. Bc6 Kg7 38. b4 h6 39. Kg3 h5 40. Kf4 Kg6 41. Bb5 Kg7 42. Bd3 hxg4 43. fxg4 Kh6 44. Bf5 Kg7 45. a3 a6 46. a4 a5 47. b5 Kh6 48. Bxe6 fxe6 49. g5+ fxg5+ 1-0

[Event "Vina del Mar U2200"]
[Site "Vina del Mar"]
[Date "2019.04.28"]
[Round "4.2"]
[White "Ojeda Meneses, Pablo"]
[Black "Sanchez Tobar, Francisca Valentina"]
[Result "1-0"]
[WhiteElo "1917"]
[BlackElo "1790"]
[PlyCount "107"]
[EventDate "2019.04.27"]
[EventType "swiss"]
[EventRounds "6"]
[EventCountry "CHI"]
[SourceTitle "EXT 2024"]
[Source "ChessBase"]
[SourceDate "2023.10.10"]
[SourceVersion "1"]
[SourceVersionDate "2023.10.10"]
[SourceQuality "1"]

1. Nf3 Nf6 2. b3 g6 3. Bb2 Bg7 4. d3 d6 5. e4 e5 6. Nbd2 Nbd7 7. g3 b6 8. Bg2 Bb7 9. 0-0 0-0 10. Ne1 Ne8 11. f4 exf4 12. Bxg7 Nxg7 13. gxf4 f5 14. Nef3 h6 15. e5 Rb8 16. exd6 cxd6 17. Nc4 Qf6 18. Qd2 Rfd8 19. Rae1 Nf8 20. Re2 Nfe6 21. c3 Nh5 22. Ne1 Bxg2 23. Nxg2 Rb7 24. d4 Rg7 25. Kh1 Kh8 26. Qe1 Nc7 27. Qh4 Qxh4 28. Nxh4 Nd5 29. Re6 Ndxf4 30. Rxd6 Rxd6 31. Nxd6 Ne6 32. c4 Nf6 33. d5 Ng5 34. Rg1 Nge4 35. Nxe4 Nxe4 36. Nf3 Re7 37. Kg2 Kg7 38. Rd1 Kf6 39. Nd4 Nd6 40. Rd2 Re4 41. Nc6 a5 42. c5 bxc5 43. Nxa5 f4 44. Nc6 g5 45. a4 g4 46. a5 h5 47. a6 Re8 48. a7 Ra8 49. Rc2 Ne4 50. Ra2 h4 51. Ra4 f3+ 52. Kf1 c4 53. bxc4 g3 54. Ra2 1-0

[Event "Vina del Mar op 11th"]
[Site "Vina del Mar"]
[Date "2019.??.??"]
[Round "1"]
[White "Ojeda Meneses, Pablo"]
[Black "Miranda Camus, Gonzalo Alonso"]
[Result "1-0"]
[WhiteElo "1917"]
[BlackElo "1275"]
[PlyCount "83"]
[EventDate "2019.05.19"]
[EventType "swiss"]
[EventRounds "6"]
[EventCountry "CHI"]
[SourceTitle "CBM 190 Extra"]
[Source "ChessBase"]
[SourceDate "2019.07.15"]
[SourceVersion "1"]
[SourceVersionDate "2019.07.15"]
[SourceQuality "1"]

1. e4 e5 2. d4 exd4 3. Qxd4 Nc6 4. Qe3 Nf6 5. Nc3 d6 6. Bc4 Ne5 7. Bb3 Be7 8. Nf3 Ng6 9. h4 h5 10. Ng5 0-0 11. Qg3 c5 12. Nxf7 Rxf7 13. Qxg6 Qf8 14. Bxf7+ Qxf7 15. Qxf7+ Kxf7 16. Bf4 Be6 17. 0-0-0 Ne8 18. e5 dxe5 19. Bxe5 a6 20. Ne4 c4 21. Ng5+ Bxg5+ 22. hxg5 Kg6 23. Bf4 b5 24. Rhe1 Bg4 25. f3 Bf5 26. Re7 Rc8 27. Rde1 c3 28. b3 Rd8 29. Rxe8 Rd4 30. Be5 Rh4 31. Re7 Rh2 32. Rg1 h4 33. Bf4 Rxg2 34. Rxg2 h3 35. Rg1 Kh5 36. Rxg7 Bg6 37. Rg8 Bf5 38. Rh8+ Kg6 39. Rh6+ Kg7 40. Be5+ Kg8 41. g6 h2 42. Rh8# 1-0

[Event "Vina del Mar op 11th"]
[Site "Vina del Mar"]
[Date "2019.??.??"]
[Round "6"]
[White "Ojeda Meneses, Pablo"]
[Black "Olivares Olivares, Claudio"]
[Result "0-1"]
[WhiteElo "1917"]
[BlackElo "2389"]
[PlyCount "124"]
[EventDate "2019.05.19"]
[EventType "swiss"]
[EventRounds "6"]
[EventCountry "CHI"]
[SourceTitle "CBM 190 Extra"]
[Source "ChessBase"]
[SourceDate "2019.07.15"]
[SourceVersion "1"]
[SourceVersionDate "2019.07.15"]
[SourceQuality "1"]

1. e4 c5 2. c3 d6 3. d4 Nf6 4. dxc5 Nc6 5. cxd6 Nxe4 6. Nf3 Nxd6 7. Bd3 Bf5 8. Bxf5 Nxf5 9. Qb3 Qc8 10. 0-0 e6 11. Bf4 Be7 12. Nbd2 0-0 13. Rad1 b6 14. Nc4 Qb7 15. Ne3 Nxe3 16. Bxe3 Rfd8 17. Bg5 h6 18. Bxe7 Nxe7 19. Rxd8+ Rxd8 20. Rd1 Qc7 21. Rxd8+ Qxd8 22. h3 Ng6 23. Qb4 e5 24. Qe4 Qe8 25. Qb7 Qb5 26. b3 Qa5 27. Qc8+ Kh7 28. a4 Qd5 29. Qc7 Qd1+ 30. Kh2 Qxb3 31. Qxa7 f6 32. a5 bxa5 33. Qxa5 Qc2 34. Qc5 e4 35. Ne1 Qb1 36. Qe3 f5 37. g3 Ne5 38. Kg2 Nd3 39. Nxd3 exd3 40. Qf4 Qb7+ 41. Kg1 Qd7 42. Qd2 Qd5 43. h4 Kg6 44. f4 Qf3 45. Qe1 Qd5 46. Kf2 d2 47. Qd1 Qd3 48. c4 Qc3 49. Ke2 Qxc4+ 50. Kxd2 Qd4+ 51. Ke2 Qxd1+ 52. Kxd1 Kh5 53. Ke2 Kg4 54. Kf2 Kh3 55. Kf3 h5 56. Kf2 Kh2 57. Kf3 Kg1 58. g4 hxg4+ 59. Kg3 Kf1 60. h5 Ke2 61. Kh4 Kf3 62. h6 gxh6 0-1

[Event "CHI-ch sf"]
[Site "Quilpue"]
[Date "2018.01.18"]
[Round "1"]
[White "Ojeda Meneses, Pablo"]
[Black "Vergara Jofre, Felipe Andres"]
[Result "0-1"]
[WhiteElo "1876"]
[BlackElo "2293"]
[PlyCount "80"]
[EventDate "2018.01.18"]
[EventType "swiss"]
[EventRounds "8"]
[EventCountry "CHI"]
[SourceTitle "CBM 182 Extra"]
[Source "ChessBase"]
[SourceDate "2018.02.23"]
[SourceVersion "1"]
[SourceVersionDate "2018.02.23"]
[SourceQuality "1"]

1. e4 c6 2. c4 d5 3. cxd5 cxd5 4. Qa4+ Bd7 5. Qb3 dxe4 6. Qxb7 Nc6 7. Nc3 Rb8 8. Qa6 Nf6 9. Qa4 Rb4 10. Qd1 e5 11. a3 Rb8 12. h3 Bc5 13. g4 h6 14. Bg2 Qb6 15. Na4 Qa5 16. Nxc5 Qxc5 17. Ne2 Nd4 18. Nc3 Nf3+ 19. Bxf3 exf3 20. d3 0-0 21. g5 hxg5 22. Rg1 g4 23. hxg4 e4 24. Be3 Qc7 25. Qd2 exd3 26. Bf4 Rbe8+ 27. Be3 Nxg4 28. 0-0-0 Bf5 29. Bd4 f6 30. Kb1 Re2 31. Nxe2 dxe2+ 32. Ka1 exd1Q+ 33. Rxd1 Rd8 34. Qb4 Nxf2 35. Rf1 Nd3 36. Qb3+ Qf7 37. Qc3 Qd5 38. Bxf6 Be6 39. b3 gxf6 40. Rg1+ Kf7 0-1

[Event "CHI-ch sf"]
[Site "Quilpue"]
[Date "2016.12.14"]
[Round "1"]
[White "Montero Martinez, Cristian"]
[Black "Ojeda Meneses, Pablo"]
[Result "1/2-1/2"]
[WhiteElo "2089"]
[BlackElo "1895"]
[PlyCount "80"]
[EventDate "2016.12.14"]
[EventType "swiss"]
[EventRounds "8"]
[EventCountry "CHI"]
[SourceTitle "EXT 2018"]
[Source "ChessBase"]
[SourceDate "2017.10.13"]
[SourceVersion "1"]
[SourceVersionDate "2017.10.13"]
[SourceQuality "1"]

1. d4 d5 2. Nf3 Nf6 3. c4 c6 4. cxd5 cxd5 5. Nc3 Nc6 6. Bf4 Qb6 7. a3 Bf5 8. Na4 Qd8 9. e3 e6 10. Be2 Be7 11. Ne5 Nxe5 12. Bxe5 0-0 13. 0-0 Rc8 14. Nc3 a6 15. f3 Qb6 16. Qd2 h6 17. Rfc1 Nd7 18. Bg3 Bg5 19. h4 Be7 20. Bf2 Nb8 21. e4 Rxc3 22. Qxc3 dxe4 23. d5 Qd8 24. fxe4 Bxe4 25. dxe6 fxe6 26. Rd1 Qe8 27. h5 Nc6 28. Bc5 Rf5 29. Bxe7 Qxe7 30. Bg4 Rg5 31. Qh3 Qc5+ 32. Kh1 Nd4 33. Rac1 Qe5 34. Rc4 Ne2 35. Rc8+ Kh7 36. Rdd8 Bxg2+ 37. Qxg2 Rxh5+ 38. Bxh5 Qxh5+ 39. Qh2 Qf3+ 40. Qg2 Qh5+ 1/2-1/2

[Event "Valparaiso op 1st"]
[Site "Valparaiso"]
[Date "2016.01.27"]
[Round "6"]
[White "Bustamante Cruz, Cristian"]
[Black "Ojeda Meneses, Pablo"]
[Result "1-0"]
[WhiteElo "1500"]
[BlackElo "1902"]
[PlyCount "161"]
[EventDate "2016.01.26"]
[EventType "swiss"]
[EventRounds "6"]
[EventCountry "CHI"]
[SourceTitle "CBM 170 Extra"]
[Source "ChessBase"]
[SourceDate "2016.02.25"]
[SourceVersion "1"]
[SourceVersionDate "2016.02.25"]
[SourceQuality "1"]

1. d4 Nf6 2. Nf3 c5 3. d5 e6 4. c4 exd5 5. cxd5 d6 6. Nc3 g6 7. e4 Bg7 8. Be2 0-0 9. 0-0 Re8 10. Nd2 a6 11. a4 Nbd7 12. f4 h5 13. h3 c4 14. Bxc4 Qb6+ 15. Kh1 h4 16. Bd3 Nh5 17. Rf3 Ng3+ 18. Kh2 Nc5 19. Nc4 Qd8 20. e5 Nxd3 21. Qxd3 Bf5 22. Qd4 dxe5 23. fxe5 Rc8 24. Bf4 Nh5 25. Be3 Rxc4 26. Qxc4 Bxe5+ 27. Kg1 Qd6 28. Qc5 Qd7 29. Bd4 Bd6 30. Qc4 Bg3 31. Qf1 Qd6 32. Rxg3 Nxg3 33. Qf2 g5 34. Re1 Rxe1+ 35. Qxe1 f6 36. Qe8+ Kg7 37. Qe3 Kf7 38. Bc5 Qd7 39. d6 Be6 40. b4 b6 41. Bxb6 Qxd6 42. Bc5 Qc6 43. Qd3 Nf5 44. a5 Ng7 45. Ne4 Nf5 46. Nd6+ Kg6 47. Nxf5 Bxf5 48. Qd6 Qe8 49. Qxa6 Qe1+ 50. Qf1 Qc3 51. Qf2 Bd3 52. Kh1 Be4 53. Kg1 Bd3 54. Kh1 Qa1+ 55. Qg1 Qe5 56. Qd4 Qe1+ 57. Qg1 Qe6 58. Qf2 Be4 59. Kg1 Bc6 60. Qc2+ f5 61. Qf2 Bb5 62. Kh1 Qe4 63. Qd4 Qe1+ 64. Qg1 Qg3 65. Qe3 Qc7 66. Qe6+ Kh5 67. Qxf5 Bc6 68. Qg4+ Kh6 69. Be3 Qe7 70. Qxh4+ Kg6 71. Qxg5+ Qxg5 72. Bxg5 Kxg5 73. Kg1 Kh4 74. Kh2 Bb5 75. g3+ Kg5 76. Kg2 Bc6+ 77. Kf2 Bb5 78. Ke3 Bd7 79. h4+ Kg4 80. a6 Kxg3 81. h5 1-0

[Event "Quilpue Ruy Lopez"]
[Site "Quilpue"]
[Date "2013.02.21"]
[Round "4"]
[White "Aguirre Contreras, Cristian Rodrigo"]
[Black "Ojeda Meneses, Pablo"]
[Result "1-0"]
[WhiteElo "2010"]
[BlackElo "1974"]
[PlyCount "103"]
[EventDate "2013.02.18"]
[EventType "tourn"]
[EventRounds "9"]
[EventCountry "CHI"]
[SourceTitle "EXT 2014"]
[Source "ChessBase"]
[SourceDate "2013.11.20"]
[SourceVersion "1"]
[SourceVersionDate "2013.11.20"]
[SourceQuality "1"]

1. e4 c5 2. g3 h5 3. Nf3 d6 4. d3 Nc6 5. h3 e6 6. Be3 Be7 7. Bg2 Bf6 8. c3 Qb6 9. Qc2 Bd7 10. Nbd2 Rc8 11. Nc4 Qc7 12. Bf4 e5 13. Bd2 Nge7 14. Ne3 g6 15. Nh2 Be6 16. f4 exf4 17. gxf4 Bh4+ 18. Ke2 f5 19. Nf3 Bf6 20. Rae1 Kd8 21. Kd1 b5 22. b3 a5 23. c4 bxc4 24. dxc4 fxe4 25. Qxe4 Bf5 26. Nxf5 Nxf5 27. Ng5 Bxg5 28. fxg5 Qg7 29. Kc2 Ng3 30. Qf4 Nd4+ 31. Kb1 Ngf5 32. Bxa5+ Kd7 33. Qe4 Rb8 34. Qd3 Rhf8 35. Rhf1 Qh8 36. Be4 h4 37. Bxf5+ Rxf5 38. Rxf5 Nxf5 39. Bc3 Qg8 40. Qe4 Ng3 41. Qe7+ Kc6 42. Ba5 Rb7 43. Qe8+ Qxe8 44. Rxe8 Rf7 45. Rg8 Rf1+ 46. Kb2 Rh1 47. Rg7 Rh2+ 48. Ka3 d5 49. Rxg6+ Kd7 50. cxd5 Ne2 51. Rg7+ Kd6 52. Bc7+ 1-0